000 00537cam a2200157 4500500
005 20260329003328.0
041 _afre
042 _adc
100 1 0 _aFereday, Jack
_eauthor
245 0 0 _aL’Abeille (et le) philosophe. Étonnant voyage dans la ruche des sages
260 _c2015.
500 _a81
690 _aPierre-Henri Tavoillot
786 0 _nPhilosophie magazine | 90 | 6 | 2015-06-01 | p. 59-59 | 1951-1787
856 4 1 _uhttps://shs.cairn.info/magazine-philosophie-magazine-2015-6-page-59?lang=fr&redirect-ssocas=7080
999 _c1823584
_d1823584